000
003260000a22001450004500
020
_a
958-04-1835-7
041
0
_a
SPA
082
0
4
_a
G 866 A432p
100
1
_a
Allende, Isabel (1942-)
245
1
0
_a
El plan infinito / Isabel Allende
260
_a
Bogotá, Colombia : Norma
300
_a
516 Pag
001
11190
942
_c
BK
999
_c
40556
_d
40556